00426nam a2200133 a 4500008004100000050001300041100001800054245008800072260004000160350000900200650004000209700002800249710001500277120416s2003 ||||||||||||||||| || u aIBRD(02) aBeyer, Joy de10aTobacco control policy: strategies, successes, and setbackscedited by Joy de Beyer aWashington, D. C.bWorld Bankc2003 a0.00 aTOBACCO INDUSTRY--GOVERNMENT POLICY aBrigden, Linda Waverley aWorld Bank